[Event "MARIENBAD OPEN 2020 - A, B - closed tournaments"]
[Site "?"]
[Date "2020.01.21"]
[Round "4"]
[White "Bracker, Arne"]
[Black "Kovalev, Andrei"]
[Result "1/2-1/2"]
[BlackElo "2489"]
[WhiteElo "2243"]
[LiveChessVersion "1.4.8"]

1. e4 {[%clk 1:30:48]} c5 {[%clk 1:26:48]} 2. Nf3 {[%clk 1:31:11]} Nc6
{[%clk 1:26:57]} 3. d4 {[%clk 1:31:21]} cxd4 4. Nxd4 {[%clk 1:31:47]} g6
{[%clk 1:27:15]} 5. c4 {[%clk 1:29:06]} Bg7 {[%clk 1:27:31]} 6. Be3
{[%clk 1:29:28]} Nf6 {[%clk 1:27:49]} 7. Nc3 {[%clk 1:29:47]} O-O
{[%clk 1:28:13]} 8. Be2 {[%clk 1:22:17]} d6 {[%clk 1:28:32]} 9. O-O
{[%clk 1:21:25]} Bd7 {[%clk 1:28:48]} 10. f3 {[%clk 1:14:29]} Nxd4 11. Bxd4
{[%clk 1:14:47]} Bc6 {[%clk 1:27:22]} 12. Qd2 {[%clk 1:13:31]} Nd7
{[%clk 1:24:47]} 13. Be3 {[%clk 1:13:12]} a5 {[%clk 1:24:56]} 14. b3
{[%clk 1:07:04]} Nc5 {[%clk 1:24:21]} 15. Rab1 {[%clk 0:57:38]} e6
{[%clk 1:22:09]} 16. a3 {[%clk 0:51:20]} Be5 {[%clk 1:18:24]} 17. b4
{[%clk 0:44:25]} axb4 {[%clk 1:17:09]} 18. axb4 {[%clk 0:44:48]} Qf6
{[%clk 0:58:43]} 19. bxc5 {[%clk 0:29:45]} Bxc3 {[%clk 0:59:01]} 20. Qd3
{[%clk 0:21:58]} dxc5 {[%clk 0:55:48]} 21. Bxc5 {[%clk 0:22:24]} Rfd8
{[%clk 0:55:45]} 22. Qe3 {[%clk 0:22:52]} Bd2 {[%clk 0:52:50]} 23. Qf2
{[%clk 0:16:05]} Ra2 {[%clk 0:50:56]} 24. Rfd1 {[%clk 0:16:06]} Ba4
{[%clk 0:49:56]} 25. Rf1 {[%clk 0:15:13]} Bf4 {[%clk 0:39:52]} 26. g3
{[%clk 0:10:20]} Qg5 {[%clk 0:31:01]} 27. Kh1 {[%clk 0:07:31]} Bxg3
{[%clk 0:28:16]} 28. hxg3 {[%clk 0:07:06]} Rxe2 {[%clk 0:28:13]} 29. Qxe2
{[%clk 0:06:43]} Rd2 {[%clk 0:28:38]} 30. Qxd2 {[%clk 0:05:34]} Qxd2
{[%clk 0:29:03]} 31. Rxb7 {[%clk 0:05:33]} h5 {[%clk 0:18:10]} 32. Rf2
{[%clk 0:05:36]} Qg5 {[%clk 0:17:40]} 33. Bd6 {[%clk 0:04:39]} e5
{[%clk 0:16:43]} 34. Kh2 {[%clk 0:02:32]} h4 35. gxh4 Qxh4+ {[%clk 0:12:11]} 36.
Kg2 {[%clk 0:03:25]} Qg5+ {[%clk 0:12:24]} 37. Kh2 Qf4+ {[%clk 0:07:12]} 38. Kg2
{[%clk 0:03:47]} Qg5+ {[%clk 0:02:08]} 39. Kh2 {[%clk 0:04:08]} Qf4+
{[%clk 0:01:26]} 40. Kg2 {[%clk 0:04:34]} Qg5+ 1/2-1/2

[Event "MARIENBAD OPEN 2020 - A, B - closed tournaments"]
[Site "?"]
[Date "2020.01.21"]
[Round "4"]
[White "Makarian, Rudik"]
[Black "Plat, Vojtech"]
[Result "1/2-1/2"]
[BlackElo "2589"]
[WhiteElo "2403"]
[LiveChessVersion "1.4.8"]

1. d4 {[%clk 1:30:57]} Nf6 {[%clk 1:23:47]} 2. c4 {[%clk 1:31:19]} g6
{[%clk 1:23:26]} 3. g3 {[%clk 1:31:21]} Bg7 {[%clk 1:23:50]} 4. Bg2
{[%clk 1:31:46]} d5 {[%clk 1:24:17]} 5. cxd5 Nxd5 {[%clk 1:24:42]} 6. e4
{[%clk 1:32:35]} Nb6 {[%clk 1:25:08]} 7. Ne2 {[%clk 1:32:59]} Nc6
{[%clk 1:24:56]} 8. d5 {[%clk 1:33:19]} Na5 {[%clk 1:25:22]} 9. O-O
{[%clk 1:33:30]} O-O {[%clk 1:25:49]} 10. Nbc3 {[%clk 1:33:11]} e6
{[%clk 1:21:09]} 11. h3 {[%clk 1:11:32]} exd5 {[%clk 1:20:01]} 12. exd5
{[%clk 1:11:44]} Nac4 {[%clk 1:15:35]} 13. b3 {[%clk 1:09:15]} Nd6
{[%clk 1:11:35]} 14. Bf4 {[%clk 1:01:03]} Re8 {[%clk 1:11:27]} 15. Rc1
{[%clk 1:01:02]} Bd7 {[%clk 1:11:46]} 16. Qd2 {[%clk 0:59:21]} Nbc8
{[%clk 1:03:05]} 17. Rfe1 {[%clk 0:54:26]} Nf5 {[%clk 0:54:24]} 18. g4
{[%clk 0:50:16]} Nh4 {[%clk 0:42:44]} 19. Bg5 {[%clk 0:45:39]} Nxg2
{[%clk 0:43:08]} 20. Bxd8 {[%clk 0:45:21]} Nxe1 {[%clk 0:43:34]} 21. Rxe1
{[%clk 0:36:44]} Rxd8 {[%clk 0:44:01]} 22. Ne4 {[%clk 0:31:05]} Nb6
{[%clk 0:42:54]} 23. Qa5 {[%clk 0:16:55]} f5 {[%clk 0:34:17]} 24. Nc5
{[%clk 0:16:15]} fxg4 {[%clk 0:34:43]} 25. Nf4 {[%clk 0:13:12]} gxh3
{[%clk 0:34:51]} 26. Nce6 {[%clk 0:13:05]} Bxe6 {[%clk 0:34:07]} 27. dxe6
{[%clk 0:12:46]} Rd4 {[%clk 0:34:32]} 28. Qg5 {[%clk 0:11:23]} Re8
{[%clk 0:34:09]} 29. e7 {[%clk 0:09:11]} Nd7 {[%clk 0:23:03]} 30. Qg4
{[%clk 0:06:33]} Rd6 {[%clk 0:20:47]} 31. Qxh3 {[%clk 0:06:27]} Ne5
{[%clk 0:18:14]} 32. Nd5 {[%clk 0:05:54]} c6 {[%clk 0:17:17]} 33. f4
{[%clk 0:05:56]} Nf3+ {[%clk 0:14:31]} 34. Qxf3 {[%clk 0:06:26]} Rxd5
{[%clk 0:14:55]} 35. Qe4 {[%clk 0:04:47]} Bf6 {[%clk 0:15:15]} 36. Qb4
{[%clk 0:04:04]} Rd7 {[%clk 0:14:33]} 37. f5 {[%clk 0:03:44]} Kg7
{[%clk 0:13:38]} 38. fxg6 {[%clk 0:02:58]} Bxe7 {[%clk 0:10:00]} 39. Qg4
{[%clk 0:01:54]} Bc5+ {[%clk 0:10:24]} 40. Kg2 {[%clk 0:00:40]} Rd2+
{[%clk 0:10:45]} 41. Kh3 {[%clk 0:27:47]} Rd3+ {[%clk 0:31:59]} 42. Kg2
{[%clk 0:27:51]} Rd2+ {[%clk 0:27:47]} 43. Kh3 {[%clk 0:28:09]} Rd3+
{[%clk 0:26:34]} 1/2-1/2

[Event "MARIENBAD OPEN 2020 - A, B - closed tournaments"]
[Site "?"]
[Date "2020.01.21"]
[Round "4"]
[White "Dev, Shah"]
[Black "Siddharth, Jagadeesh"]
[Result "1/2-1/2"]
[BlackElo "2301"]
[WhiteElo "2320"]
[LiveChessVersion "1.4.8"]

1. d4 {[%clk 1:28:21]} Nf6 {[%clk 1:30:52]} 2. c4 {[%clk 1:27:36]} c5
{[%clk 1:31:15]} 3. d5 {[%clk 1:27:58]} b5 4. cxb5 {[%clk 1:28:21]} a6
{[%clk 1:32:07]} 5. e3 {[%clk 1:28:42]} e6 {[%clk 1:31:46]} 6. Nc3
{[%clk 1:26:40]} Bb7 {[%clk 1:32:00]} 7. e4 {[%clk 1:21:29]} axb5
{[%clk 1:27:05]} 8. Bxb5 {[%clk 1:21:26]} Qa5 {[%clk 1:27:30]} 9. Bd2
{[%clk 1:18:41]} Qb6 {[%clk 1:27:37]} 10. a4 {[%clk 1:13:33]} exd5
{[%clk 1:17:59]} 11. exd5 {[%clk 1:11:55]} Nxd5 {[%clk 1:17:51]} 12. Nxd5
{[%clk 1:09:02]} Bxd5 {[%clk 1:18:20]} 13. Nf3 {[%clk 1:07:19]} Qe6+
{[%clk 1:16:33]} 14. Be3 {[%clk 1:04:18]} Bc4 {[%clk 0:48:05]} 15. Ng5
{[%clk 0:50:46]} Qd5 {[%clk 0:46:28]} 16. Bxc4 {[%clk 0:44:20]} Qxc4
{[%clk 0:46:55]} 17. Rc1 {[%clk 0:43:25]} Qxa4 {[%clk 0:41:50]} 18. Qd5
{[%clk 0:42:41]} f6 {[%clk 0:34:05]} 19. Nf7 {[%clk 0:39:07]} Qc6
{[%clk 0:33:01]} 20. Qxc6 {[%clk 0:39:24]} Nxc6 {[%clk 0:32:47]} 21. Nxh8
{[%clk 0:39:44]} Be7 {[%clk 0:30:50]} 22. O-O {[%clk 0:36:09]} d6
{[%clk 0:30:36]} 23. Rfe1 {[%clk 0:25:11]} Ne5 {[%clk 0:26:49]} 24. Ra1
{[%clk 0:24:05]} Rb8 {[%clk 0:24:45]} 25. Bd2 {[%clk 0:23:14]} Rxb2
{[%clk 0:20:35]} 26. Ra8+ {[%clk 0:21:59]} Kd7 {[%clk 0:21:04]} 27. Ra7+
{[%clk 0:22:15]} Ke6 {[%clk 0:20:57]} 28. Bc1 {[%clk 0:21:14]} Rb8
{[%clk 0:21:25]} 29. f4 {[%clk 0:21:43]} Rxh8 {[%clk 0:21:54]} 30. fxe5
{[%clk 0:21:36]} fxe5 {[%clk 0:22:23]} 31. Ra6 {[%clk 0:20:06]} Rb8
{[%clk 0:19:56]} 32. Ba3 {[%clk 0:19:33]} Rb5 {[%clk 0:20:13]} 33. Rd1
{[%clk 0:19:25]} e4 {[%clk 0:19:59]} 34. Kf2 {[%clk 0:17:35]} Ke5
{[%clk 0:19:14]} 35. Ra7 {[%clk 0:14:30]} Ke6 {[%clk 0:19:35]} 36. Rc1
{[%clk 0:09:49]} Bf6 {[%clk 0:19:21]} 37. Rc2 {[%clk 0:09:04]} Bd4+
{[%clk 0:17:35]} 38. Ke2 {[%clk 0:09:32]} Rb3 {[%clk 0:18:04]} 39. Bc1
{[%clk 0:09:05]} d5 {[%clk 0:15:54]} 40. Ra3 {[%clk 0:06:25]} c4 {[%clk 0:13:18]}
41. Rxb3 {[%clk 0:04:49]} cxb3 {[%clk 0:13:39]} 42. Rb2 {[%clk 0:05:14]} Bxb2
{[%clk 0:13:51]} 43. Bxb2 {[%clk 0:05:43]} g5 {[%clk 0:11:58]} 44. g4
{[%clk 0:27:32]} h5 {[%clk 0:38:15]} 45. gxh5 {[%clk 0:24:08]} Kf7
{[%clk 0:37:30]} 1/2-1/2

[Event "MARIENBAD OPEN 2020 - A, B - closed tournaments"]
[Site "?"]
[Date "2020.01.21"]
[Round "4"]
[White "Quesada Perez, Luis Ernesto"]
[Black "Swicarz, Maciej"]
[Result "1-0"]
[BlackElo "2357"]
[WhiteElo "2491"]
[LiveChessVersion "1.4.8"]

1. d4 {[%clk 1:16:08]} Nf6 {[%clk 1:30:55]} 2. c4 {[%clk 1:15:20]} g6
{[%clk 1:30:40]} 3. Nc3 {[%clk 1:14:03]} d5 {[%clk 1:31:06]} 4. Nf3
{[%clk 1:09:32]} Bg7 {[%clk 1:31:34]} 5. e3 {[%clk 1:08:44]} O-O {[%clk 1:31:51]}
6. cxd5 {[%clk 1:02:13]} Nxd5 {[%clk 1:32:10]} 7. Bc4 {[%clk 1:02:35]} Nxc3 8.
bxc3 {[%clk 1:03:04]} c5 {[%clk 1:32:07]} 9. O-O {[%clk 1:03:30]} b6
{[%clk 1:28:17]} 10. Qe2 {[%clk 1:03:40]} Bb7 {[%clk 1:28:12]} 11. e4
{[%clk 1:02:02]} Nc6 {[%clk 1:23:54]} 12. Be3 {[%clk 1:01:21]} Na5
{[%clk 1:21:52]} 13. Bd3 {[%clk 1:01:45]} Qc7 {[%clk 1:20:44]} 14. h4
{[%clk 0:55:25]} e5 {[%clk 1:13:26]} 15. Nxe5 {[%clk 0:43:02]} Rae8
{[%clk 0:56:14]} 16. f3 {[%clk 0:40:03]} f5 {[%clk 0:47:10]} 17. Bf4
{[%clk 0:35:15]} Qe7 {[%clk 0:32:26]} 18. exf5 {[%clk 0:35:23]} cxd4
{[%clk 0:31:56]} 19. cxd4 {[%clk 0:35:21]} Nc6 {[%clk 0:27:44]} 20. fxg6
{[%clk 0:26:11]} hxg6 {[%clk 0:24:37]} 21. Qe3 {[%clk 0:26:21]} Qxh4
{[%clk 0:13:22]} 22. g3 {[%clk 0:23:28]} Qh3 {[%clk 0:08:35]} 23. Bc4+
{[%clk 0:22:50]} Kh7 {[%clk 0:08:34]} 24. Rf2 {[%clk 0:21:43]} Nxd4
{[%clk 0:01:29]} 25. Qxd4 {[%clk 0:21:13]} Rxe5 {[%clk 0:01:54]} 26. Bxe5
{[%clk 0:21:05]} Qxg3+ {[%clk 0:02:18]} 27. Bxg3 {[%clk 0:20:34]} Bxd4
{[%clk 0:02:46]} 28. Rd1 {[%clk 0:20:53]} Bxf2+ {[%clk 0:02:59]} 29. Bxf2
{[%clk 0:21:22]} Bxf3 {[%clk 0:01:46]} 30. Rd7+ {[%clk 0:21:44]} Kh6
{[%clk 0:02:07]} 31. Rxa7 {[%clk 0:20:31]} Rb8 {[%clk 0:01:15]} 32. Be3+
{[%clk 0:20:09]} Kh5 {[%clk 0:01:33]} 33. Kf2 {[%clk 0:20:35]} 1-0

[Event "MARIENBAD OPEN 2020 - A, B - closed tournaments"]
[Site "?"]
[Date "2020.01.21"]
[Round "4"]
[White "Plischki, Sebastian"]
[Black "Vagman, Roy"]
[Result "1/2-1/2"]
[BlackElo "2089"]
[WhiteElo "2387"]
[LiveChessVersion "1.4.8"]

1. Nf3 {[%clk 1:30:55]} d5 {[%clk 1:30:20]} 2. g3 {[%clk 1:31:01]} g6
{[%clk 1:30:08]} 3. c4 {[%clk 1:30:50]} d4 {[%clk 1:28:19]} 4. d3
{[%clk 1:30:45]} Nc6 {[%clk 1:20:37]} 5. Bg2 {[%clk 1:30:42]} a5 {[%clk 1:17:48]}
6. O-O {[%clk 1:29:28]} Bg7 {[%clk 1:16:52]} 7. b3 {[%clk 1:28:14]} Nf6
{[%clk 1:13:32]} 8. a3 {[%clk 1:28:02]} Nd7 {[%clk 1:12:41]} 9. Nbd2
{[%clk 1:27:44]} e5 {[%clk 1:04:22]} 10. Ne1 {[%clk 1:23:13]} O-O
{[%clk 1:01:15]} 11. Rb1 {[%clk 1:19:05]} Qe7 {[%clk 0:55:14]} 12. Nc2
{[%clk 1:16:57]} Nc5 {[%clk 0:53:28]} 13. Ne4 {[%clk 1:14:07]} Nxe4
{[%clk 0:40:15]} 14. Bxe4 {[%clk 1:14:19]} Bh3 {[%clk 0:28:46]} 15. Re1
{[%clk 1:11:36]} Bg4 {[%clk 0:24:26]} 16. b4 {[%clk 1:10:11]} axb4
{[%clk 0:22:04]} 17. axb4 {[%clk 1:10:32]} f5 {[%clk 0:18:27]} 18. Bd5+
{[%clk 1:05:38]} Kh8 {[%clk 0:18:56]} 19. b5 {[%clk 1:05:21]} Nd8
{[%clk 0:18:09]} 20. Bf3 {[%clk 1:03:59]} Bh3 {[%clk 0:11:17]} 21. e3
{[%clk 1:00:56]} dxe3 {[%clk 0:05:07]} 22. Nxe3 {[%clk 0:57:56]} Qd6
{[%clk 0:04:22]} 23. Bb2 {[%clk 0:55:49]} c6 {[%clk 0:03:33]} 24. Qe2
{[%clk 0:47:38]} Nf7 {[%clk 0:03:19]} 25. bxc6 {[%clk 0:47:00]} bxc6
{[%clk 0:03:47]} 26. c5 {[%clk 0:44:37]} Qxc5 {[%clk 0:03:11]} 27. Rec1
{[%clk 0:44:40]} Qa5 {[%clk 0:02:20]} 28. Bxc6 {[%clk 0:44:00]} Rac8
{[%clk 0:01:30]} 29. Nc4 {[%clk 0:43:03]} Qc7 {[%clk 0:01:33]} 30. Bd5
{[%clk 0:40:04]} Qd7 {[%clk 0:01:15]} 31. Bxf7 {[%clk 0:34:52]} Qxf7
{[%clk 0:01:34]} 32. Bxe5 {[%clk 0:34:45]} Rfe8 {[%clk 0:00:36]} 33. Bxg7+
{[%clk 0:29:50]} Qxg7 {[%clk 0:00:55]} 34. Qb2 {[%clk 0:27:13]} Qxb2
{[%clk 0:01:03]} 35. Rxb2 {[%clk 0:27:35]} Red8 {[%clk 0:00:40]} 36. Rb3
{[%clk 0:26:55]} f4 {[%clk 0:00:34]} 37. Rbc3 {[%clk 0:23:55]} fxg3
{[%clk 0:00:36]} 38. hxg3 {[%clk 0:24:17]} Bf5 {[%clk 0:00:49]} 39. Ne5
{[%clk 0:24:28]} Rxc3 {[%clk 0:00:55]} 40. Rxc3 {[%clk 0:24:53]} Rd5
{[%clk 0:00:53]} 41. f4 {[%clk 0:24:31]} g5 {[%clk 0:27:39]} 42. Kf2
{[%clk 0:54:25]} h5 {[%clk 0:26:47]} 43. Nf7+ {[%clk 0:50:39]} Kg7
{[%clk 0:26:53]} 44. Nxg5 {[%clk 0:50:58]} Rxd3 {[%clk 0:23:15]} 45. Rxd3
{[%clk 0:50:03]} Bxd3 {[%clk 0:23:32]} 46. Ke3 {[%clk 0:50:28]} Bb1
{[%clk 0:23:47]} 47. Ne4 {[%clk 0:50:31]} Kg6 {[%clk 0:23:57]} 48. Nd6
{[%clk 0:46:05]} Kf6 {[%clk 0:23:04]} 49. Kf3 {[%clk 0:45:28]} Kg6
{[%clk 0:22:55]} 50. Nc4 {[%clk 0:45:12]} Ba2 {[%clk 0:22:34]} 51. Ne3
{[%clk 0:45:21]} Bb1 {[%clk 0:22:53]} 52. Ke2 {[%clk 0:43:46]} Be4
{[%clk 0:22:38]} 53. Kd2 {[%clk 0:41:40]} h4 {[%clk 0:15:09]} 54. g4
{[%clk 0:36:07]} h3 {[%clk 0:15:10]} 55. Nf1 {[%clk 0:36:29]} Bf3
{[%clk 0:14:43]} 56. g5 {[%clk 0:35:56]} Bg2 {[%clk 0:12:57]} 57. Nh2
{[%clk 0:35:40]} Kf5 {[%clk 0:12:20]} 58. Ke3 {[%clk 0:36:02]} Bh1
{[%clk 0:10:19]} 59. Nf1 {[%clk 0:29:35]} Bg2 {[%clk 0:09:39]} 60. Nh2
{[%clk 0:25:55]} Bh1 {[%clk 0:10:04]} 1/2-1/2

[Event "MARIENBAD OPEN 2020 - A, B - closed tournaments"]
[Site "?"]
[Date "2020.01.21"]
[Round "4"]
[White "Abhilash, Reddy M.L."]
[Black "Michalek, Jan"]
[Result "1/2-1/2"]
[BlackElo "2251"]
[WhiteElo "2258"]
[LiveChessVersion "1.4.8"]

1. d4 {[%clk 1:22:43]} Nf6 {[%clk 1:30:51]} 2. Nf3 {[%clk 1:23:12]} d6
{[%clk 1:30:18]} 3. c4 {[%clk 1:23:37]} g6 {[%clk 1:30:23]} 4. Nc3
{[%clk 1:24:00]} Bg7 {[%clk 1:30:42]} 5. g3 {[%clk 1:24:24]} O-O {[%clk 1:30:43]}
6. Bg2 {[%clk 1:24:50]} Nbd7 {[%clk 1:30:34]} 7. O-O {[%clk 1:25:13]} e5 8. dxe5
{[%clk 1:25:40]} dxe5 {[%clk 1:29:41]} 9. Be3 {[%clk 1:26:05]} Re8
{[%clk 1:26:37]} 10. h3 {[%clk 1:26:28]} c6 {[%clk 1:21:13]} 11. Qb3
{[%clk 1:24:07]} Qa5 {[%clk 1:19:37]} 12. a3 {[%clk 1:18:00]} Nc5
{[%clk 1:10:54]} 13. Qb4 {[%clk 1:13:01]} Qxb4 {[%clk 1:05:28]} 14. axb4
{[%clk 1:13:29]} Nce4 {[%clk 1:02:56]} 15. Nxe4 {[%clk 1:06:36]} Nxe4
{[%clk 1:03:14]} 16. Rxa7 {[%clk 1:01:41]} Rxa7 {[%clk 1:03:29]} 17. Bxa7
{[%clk 1:02:08]} Be6 {[%clk 1:03:11]} 18. Rc1 {[%clk 0:56:38]} Ra8
{[%clk 1:03:11]} 19. Be3 {[%clk 0:38:29]} Ra2 {[%clk 1:02:39]} 20. Ne1
{[%clk 0:35:49]} f5 {[%clk 0:58:03]} 21. Nd3 {[%clk 0:31:07]} Nd6
{[%clk 0:56:36]} 22. Nc5 {[%clk 0:30:07]} Bc8 {[%clk 0:56:52]} 23. b5
{[%clk 0:14:11]} cxb5 {[%clk 0:53:03]} 24. Bd5+ {[%clk 0:12:23]} Kf8
{[%clk 0:50:29]} 25. cxb5 {[%clk 0:11:57]} Rxb2 {[%clk 0:50:20]} 26. Nxb7
{[%clk 0:08:48]} Bxb7 {[%clk 0:45:50]} 27. Bxb7 {[%clk 0:09:04]} Nxb5
{[%clk 0:44:08]} 28. Rc8+ {[%clk 0:07:19]} Ke7 {[%clk 0:42:00]} 29. Ba6
{[%clk 0:07:15]} Kd7 {[%clk 0:28:36]} 30. Rb8 {[%clk 0:06:10]} 1/2-1/2

[Event "MARIENBAD OPEN 2020 - A, B - closed tournaments"]
[Site "?"]
[Date "2020.01.21"]
[Round "4"]
[White "Jurek, Josef"]
[Black "Nguyen, Alex Dac-Vuong"]
[Result "1-0"]
[BlackElo "2401"]
[WhiteElo "2235"]
[LiveChessVersion "1.4.8"]

1. d4 {[%clk 1:30:53]} Nf6 {[%clk 1:30:56]} 2. Nf3 {[%clk 1:30:49]} c5
{[%clk 1:31:18]} 3. d5 {[%clk 1:30:20]} e6 {[%clk 1:31:36]} 4. c4
{[%clk 1:30:08]} b5 {[%clk 1:31:50]} 5. e4 Nxe4 {[%clk 1:29:07]} 6. Bd3
{[%clk 1:29:16]} Nd6 {[%clk 1:16:54]} 7. cxb5 {[%clk 1:29:17]} Bb7
{[%clk 1:16:46]} 8. Nc3 {[%clk 1:26:58]} Be7 {[%clk 1:16:09]} 9. O-O
{[%clk 1:23:47]} exd5 {[%clk 1:03:36]} 10. Re1 {[%clk 1:23:18]} O-O
{[%clk 0:53:03]} 11. Nxd5 {[%clk 1:22:18]} Bf6 {[%clk 0:31:38]} 12. Nxf6+
{[%clk 1:10:24]} Qxf6 {[%clk 0:31:58]} 13. Bg5 {[%clk 1:10:23]} Bxf3
{[%clk 0:32:11]} 14. Bxf6 {[%clk 1:10:43]} Bxd1 {[%clk 0:32:36]} 15. Be7
{[%clk 1:10:33]} c4 {[%clk 0:24:45]} 16. Bxh7+ {[%clk 1:05:21]} Kxh7
{[%clk 0:24:55]} 17. Bxf8 {[%clk 1:05:42]} Nxb5 {[%clk 0:24:54]} 18. Raxd1
{[%clk 1:03:42]} Nc6 {[%clk 0:24:28]} 19. Bc5 {[%clk 1:02:27]} Rd8
{[%clk 0:23:58]} 20. a4 {[%clk 0:58:24]} Nc7 {[%clk 0:24:10]} 21. Be7
{[%clk 0:55:29]} Rb8 {[%clk 0:23:21]} 22. Bd6 {[%clk 0:55:24]} Rb7
{[%clk 0:23:25]} 23. Bxc7 {[%clk 0:55:33]} Rxc7 {[%clk 0:23:50]} 24. Rd5
{[%clk 0:50:17]} Nb4 {[%clk 0:22:35]} 25. Rb5 {[%clk 0:49:46]} Nd3
{[%clk 0:22:31]} 26. Rb1 {[%clk 0:41:56]} Kg6 {[%clk 0:20:00]} 27. g3
{[%clk 0:31:13]} Kf6 {[%clk 0:14:56]} 28. f4 {[%clk 0:28:47]} Ke6
{[%clk 0:13:38]} 29. Kg2 {[%clk 0:27:13]} d5 {[%clk 0:11:52]} 30. Kf3
{[%clk 0:26:56]} Kd6 {[%clk 0:09:54]} 31. Rb8 {[%clk 0:24:34]} Kc5
{[%clk 0:09:50]} 32. h4 {[%clk 0:18:33]} Re7 {[%clk 0:08:15]} 33. h5
{[%clk 0:16:00]} Kd4 {[%clk 0:08:39]} 34. a5 {[%clk 0:12:35]} f5 {[%clk 0:07:12]}
35. a6 {[%clk 0:10:19]} Re3+ {[%clk 0:07:14]} 36. Kg2 {[%clk 0:10:37]} Re2+
{[%clk 0:07:35]} 37. Kh3 {[%clk 0:09:32]} Nf2+ {[%clk 0:07:17]} 38. Kh4
{[%clk 0:07:02]} Ne4 {[%clk 0:07:42]} 39. Kh3 {[%clk 0:04:49]} Nd2
{[%clk 0:02:09]} 40. Rd1 {[%clk 0:03:28]} Kd3 {[%clk 0:02:30]} 41. Rb7
{[%clk 0:00:36]} Kc2 {[%clk 0:01:08]} 42. Rh1 {[%clk 0:27:07]} Re6
{[%clk 0:21:21]} 43. Rxa7 {[%clk 0:24:51]} Nb3 {[%clk 0:20:37]} 44. Rh2+
{[%clk 0:24:04]} Kb1 {[%clk 0:20:55]} 45. Rd7 {[%clk 0:21:25]} d4
{[%clk 0:20:10]} 46. a7 {[%clk 0:21:44]} Ra6 {[%clk 0:20:36]} 47. Kh4
{[%clk 0:18:58]} d3 {[%clk 0:20:49]} 48. Kg5 {[%clk 0:17:05]} d2 {[%clk 0:20:40]}
49. Rhxd2 {[%clk 0:16:34]} Nxd2 {[%clk 0:21:06]} 50. Rxd2 {[%clk 0:16:51]} Rxa7
51. Kxf5 {[%clk 0:16:50]} Rb7 {[%clk 0:18:57]} 52. Kg6 {[%clk 0:14:48]} Rxb2
{[%clk 0:19:02]} 53. Rxb2+ {[%clk 0:14:37]} Kxb2 {[%clk 0:19:26]} 54. Kxg7
{[%clk 0:14:57]} c3 {[%clk 0:19:52]} 55. h6 {[%clk 0:15:21]} c2 {[%clk 0:20:18]}
56. h7 {[%clk 0:15:45]} c1=Q {[%clk 0:20:44]} 57. h8=Q {[%clk 0:16:08]} Qe3
{[%clk 0:19:16]} 58. Qb8+ {[%clk 0:15:51]} Kc2 {[%clk 0:19:28]} 59. Qc7+
{[%clk 0:16:05]} Kd3 {[%clk 0:18:53]} 60. Qd6+ {[%clk 0:16:04]} Kc4
{[%clk 0:17:11]} 61. g4 {[%clk 0:15:01]} Qc3+ {[%clk 0:17:05]} 62. Qf6
{[%clk 0:14:14]} Qh3 {[%clk 0:15:57]} 63. g5 {[%clk 0:13:51]} Kd3
{[%clk 0:15:36]} 64. Qd6+ {[%clk 0:12:29]} Ke4 {[%clk 0:14:36]} 65. Qe5+
{[%clk 0:12:48]} Kd3 {[%clk 0:15:03]} 66. f5 {[%clk 0:12:26]} Qg2
{[%clk 0:14:20]} 67. f6 {[%clk 0:12:31]} Qb7+ {[%clk 0:14:43]} 68. f7
{[%clk 0:12:43]} Kd2 {[%clk 0:14:22]} 69. g6 {[%clk 0:12:00]} Kc2
{[%clk 0:13:32]} 70. Qc5+ {[%clk 0:11:42]} Kb1 {[%clk 0:13:37]} 71. Qc4
{[%clk 0:11:26]} Qd7 {[%clk 0:12:36]} 72. Kg8 {[%clk 0:10:49]} Qf5
{[%clk 0:12:56]} 73. Qc6 {[%clk 0:10:03]} 1-0

[Event "MARIENBAD OPEN 2020 - A, B - closed tournaments"]
[Site "?"]
[Date "2020.01.21"]
[Round "4"]
[White "Vetokhin, Savva"]
[Black "Gorbatov, Alexej"]
[Result "1-0"]
[BlackElo "2355"]
[WhiteElo "2113"]
[LiveChessVersion "1.4.8"]

1. e4 {[%clk 1:30:55]} c6 {[%clk 1:30:55]} 2. d4 {[%clk 1:31:15]} d5
{[%clk 1:31:19]} 3. e5 {[%clk 1:31:25]} Bf5 {[%clk 1:31:43]} 4. Nd2
{[%clk 1:30:30]} e6 {[%clk 1:31:02]} 5. Nb3 {[%clk 1:30:53]} Nd7 {[%clk 1:30:31]}
6. Nf3 {[%clk 1:29:31]} h6 {[%clk 1:28:38]} 7. Be2 {[%clk 1:29:08]} Ne7
{[%clk 1:27:47]} 8. O-O {[%clk 1:28:52]} g5 {[%clk 1:22:02]} 9. a4
{[%clk 1:26:50]} Bg7 {[%clk 1:20:15]} 10. Ne1 {[%clk 1:25:54]} Qc7
{[%clk 1:17:02]} 11. Nd3 {[%clk 1:22:50]} O-O-O {[%clk 1:09:33]} 12. a5
{[%clk 1:19:48]} Bxd3 {[%clk 1:06:36]} 13. Bxd3 {[%clk 1:10:58]} f6
{[%clk 1:03:33]} 14. f4 {[%clk 1:07:37]} c5 {[%clk 0:59:24]} 15. exf6
{[%clk 1:03:30]} Bxf6 {[%clk 0:59:36]} 16. dxc5 {[%clk 1:01:54]} gxf4
{[%clk 0:44:54]} 17. Bxf4 {[%clk 1:00:00]} e5 {[%clk 0:45:18]} 18. Bg3
{[%clk 1:00:25]} h5 {[%clk 0:43:38]} 19. a6 {[%clk 0:52:46]} b6 {[%clk 0:30:55]}
20. cxb6 {[%clk 0:52:25]} Qxb6+ {[%clk 0:31:19]} 21. Bf2 {[%clk 0:52:51]} Qe6
{[%clk 0:28:36]} 22. Bxa7 {[%clk 0:49:27]} Rhg8 {[%clk 0:27:22]} 23. Bf2
{[%clk 0:36:45]} e4 {[%clk 0:23:09]} 24. Bb5 {[%clk 0:29:49]} Be5
{[%clk 0:21:41]} 25. Bxd7+ {[%clk 0:29:09]} Qxd7 {[%clk 0:20:45]} 26. a7
{[%clk 0:26:19]} Kc7 {[%clk 0:21:08]} 27. Qd2 {[%clk 0:21:21]} Nc6
{[%clk 0:19:05]} 28. Be3 {[%clk 0:14:49]} Qg7 {[%clk 0:10:00]} 29. a8=Q
{[%clk 0:13:14]} Rxa8 {[%clk 0:10:06]} 30. Rxa8 {[%clk 0:13:36]} Rxa8
{[%clk 0:10:25]} 31. Qxd5 {[%clk 0:13:55]} Rf8 {[%clk 0:09:03]} 32. Rxf8
{[%clk 0:13:05]} Qxf8 {[%clk 0:09:31]} 33. Qxe4 {[%clk 0:09:02]} Bxb2
{[%clk 0:09:51]} 34. Qh7+ {[%clk 0:07:29]} Qe7 {[%clk 0:09:31]} 35. Qxe7+
{[%clk 0:07:55]} Nxe7 {[%clk 0:09:59]} 36. Kf2 {[%clk 0:08:11]} Nc6
{[%clk 0:08:37]} 37. Kg3 {[%clk 0:07:20]} Bf6 {[%clk 0:08:41]} 38. c4
{[%clk 0:07:01]} Kd6 {[%clk 0:09:04]} 39. Bf4+ {[%clk 0:06:18]} Ke6
{[%clk 0:09:33]} 40. Kf3 {[%clk 0:06:22]} Kf5 {[%clk 0:09:27]} 41. g3
{[%clk 0:06:10]} Bc3 {[%clk 0:05:48]} 42. h3 {[%clk 0:05:52]} Ne5+
{[%clk 0:05:39]} 43. Bxe5 {[%clk 0:05:42]} Kxe5 {[%clk 0:06:08]} 44. h4
{[%clk 0:05:37]} Be1 {[%clk 0:06:22]} 45. Nc1 {[%clk 0:05:51]} Kd4
{[%clk 0:06:04]} 46. c5 {[%clk 0:06:12]} Bb4 {[%clk 0:06:19]} 47. c6
{[%clk 0:06:22]} Bd6 {[%clk 0:06:46]} 48. Ne2+ {[%clk 0:06:40]} Kd5
{[%clk 0:07:13]} 49. Nf4+ {[%clk 0:07:05]} Kxc6 {[%clk 0:07:37]} 50. Nxh5
{[%clk 0:07:31]} Kd5 {[%clk 0:08:05]} 51. g4 {[%clk 0:07:34]} Ke6
{[%clk 0:08:14]} 52. g5 {[%clk 0:07:55]} Be7 {[%clk 0:08:22]} 53. Kg4
{[%clk 0:08:10]} Bc5 {[%clk 0:08:25]} 54. Nf4+ {[%clk 0:08:33]} Kf7
{[%clk 0:08:47]} 55. Kf5 {[%clk 0:08:40]} Bd4 {[%clk 0:09:06]} 56. h5
{[%clk 0:09:05]} Bb2 {[%clk 0:09:31]} 57. Nd5 {[%clk 0:09:16]} Kg7
{[%clk 0:09:02]} 58. Nf6 {[%clk 0:09:22]} Bc1 {[%clk 0:08:33]} 59. h6+
{[%clk 0:09:21]} Kh8 {[%clk 0:09:01]} 60. Ng4 {[%clk 0:08:22]} Ba3
{[%clk 0:08:50]} 61. g6 {[%clk 0:07:45]} Bf8 {[%clk 0:09:18]} 62. Ne5
{[%clk 0:07:35]} Bxh6 {[%clk 0:07:55]} 63. Nf7+ {[%clk 0:07:46]} Kg7
{[%clk 0:08:11]} 64. Nxh6 {[%clk 0:08:10]} Kxh6 {[%clk 0:08:37]} 65. Kf6
{[%clk 0:08:35]} 1-0